| 000 | 00467nam a22001697a 4500 | ||
|---|---|---|---|
| 005 | 20251108175529.0 | ||
| 008 | 250721s2005 xx 000 0 eng d | ||
| 082 | 1 | 4 | _aJ/F/KRO |
| 100 | 1 | _akroll, virginia | |
| 245 | 1 | 4 | _athe way i act books: forgiving a friend / |
| 264 |
_balbert whitman and company, _c2005. |
||
| 300 | _a[26p.] | ||
| 650 | 1 | 7 | _afiction |
| 653 | _aاطفال مرحلة متوسطة (6-9) سنوات | ||
| 942 |
_2ddc _cBK |
||
| 999 |
_c136272 _d136272 |
||